Avions de chasse de l'Armée française.(Actuels et anciens) - Statistiques

Statistiques générales
  • Ce quiz a été pris 2 582 fois
  • Le résultat moyen est 6 sur 12
Statistiques - réponses
Par images Réponse % Correct
Dassault Rafale
98%
Dassault Mirage 2000
96%
Dassault Étendard
56%
Dassault Super-Étendard
54%
SEPECAT Jaguar
52%
Dassault Mystère
44%
Fouga CM-170 Magister
44%
Dassault Ouragan
40%
F-8 Crusader
33%
Dassault Super-Mystère
23%
F-100 Super Sabre
19%
Lockheed T-33 Silver Star
9%
Aucun quiz correspondant
Distribution des résultats
% des personnes avec chaque résultat
Percentile par nombre de réponses
Votre historique - résultats
Vous n’avez pas pris ce quiz